000 01037nam a22002537a 4500
999 _c161043
_d161043
005 20190809150055.0
010 _a1819CHEN B-718755-817
020 _a9788181534804 (Pt.1)
_c250.00
020 _a9788181534811 (Pt.2)
_c250.00
020 _a9788181534828 (Pt.3)
_c250.00
035 _aB-718755-817
035 _aB-728562-564
037 _bRainbow Books
082 _a507.8
245 _aRainbow 101 science projects /
_cedited and compiled by Aakanksha
260 _aDelhi
_bRainbow Books
_c2019(repr.)
270 _aF-32, Street No.12, Parwana Road, Jagat Puri,
_b Delhi
_e110051
300 _a3Pts.(112p.; 112p.; 112p.) :
_c24cm(Hb)
_bcol.ill.
500 _aAirport
700 _aAakanksha
942 _2ddc
_cCH
_mRAI
_h507.8